Hotel "Anna palace" Rousse, Bulgaria (Запис номер 447367)
[ съкратено ]
| 000 -Лидер | |
|---|---|
| Контролно поле с фиксирана дължина | 00750nam a2200229 a 4500 |
| 003 - Код на организацията, давaща контролен номер | |
| Контролно поле | BLK |
| 005 - Дата и час на последна редакция | |
| Контролно поле | 20230727123309.0 |
| 008 - Елементи от данни с фиксирана дължина | |
| fixed length control field | 220307b bu ||||| ||||||0| | bu d |
| 040 ## - Източник на каталожния запис | |
| Идентификатор на билиотеката - собственик на записа | BLK |
| 041 ## - Код за език | |
| Код за езика на текст/звукозапис или на отделно заглавие | Български |
| Код за езика КДБФ | Български |
| 080 ## - УДК | |
| УДК определител | (497.215)(062) |
| Текстов определител УДК | Хотели, ресторанти |
| УДК код - определител по УДК | 64.024.1/.3 |
| УДК - код + определител | 64.024.1/.3(497.215)(062) |
| 139 ## - Редно поле | |
| Редна дума | Hotel "Anna palace" Rousse, Bulgaria |
| Авторски знак | Hot - H 82 |
| 245 ## - Сведения за заглавието | |
| Заглавие | Hotel "Anna palace" Rousse, Bulgaria |
| Физически носител (вид на носителя) | [Малотир. изд.] |
| 260 ## - Област на издателските данни | |
| 9 (RLIN) | 441842 |
| Място на издаване, разпространение и проч. | Русе |
| Име на издателя, разпространителя и проч. | б. и. |
| Година на издаване | б. г. |
| 300 ## - Физическа характеристика | |
| Страници | 8 с. |
| Илюстрации и др. | цв. ил. |
| Съпровождащи материали | 20Х20 см |
| 380 ## - Жанр | |
| Жанр | Техника |
| 653 #7 - Ключова дума – ненормативна | |
| 9 (RLIN) | 200144 |
| Ключова дума | хотели |
| 653 #7 - Ключова дума – ненормативна | |
| 9 (RLIN) | 200145 |
| Ключова дума | хотелиерство |
| 852 ## - Местоположение | |
| Форматна сигнатура | К 62/H 82 |
| Фондова буква | Краезнание |
| 999 ## - СИСТЕМНИ КОНТРОЛНИ НОМЕРА | |
| Koha biblionumber | 447367 |
| Koha biblioitemnumber | 447367 |
| 942 ## - АРТИКУЛИ | |
| Вид на библиотечния материал | Книги |
| Скрит в OPAC | Не |
| Периодичен библиозапис | Да |
| Koha issues (borrowed), all copies | 1 |
| 944 ## - СЪЗДАВАНЕ И РЕДАКЦИЯ на ЗАПИСА | |
| Създаване/Редакция | Създаване |
| Дата на регистрацията/редакция | 2022-03-07 |
| Служител, извършил регистрацията/редакцията | 30556 |
| Статус, дата на статуса | Теодора Пейчева-Дянкова |
| Код за отписване | Код за изгубен артикул | Източник на класификационната схема | Код за повреда | Коз за рестрикции | Код за отдаване | Артикулен № | Име на библиотеката - собственик | Име на библиотеката, в която се намира в момента | Статус (Текущо местоположение) | Дата на вписване в системата | Местоположение - отдел | Цена в лева | Систематично азбучна сигнатура | Баркод | Цена в евро | Служебен тип на артикула |
|---|---|---|---|---|---|---|---|---|---|---|---|---|---|---|---|---|
| Не е изгубен | Universal Decimal Classification | Не е повреден | само за читалня | ползва се в читалня | 875592 | Регионална библиотека "Любен Каравелов" Русе | Регионална библиотека "Любен Каравелов" Русе | Краезнание | 2022-03-15 | Краезнание | 1.00 | К 62/Н 82 | 120000868351 | 0.51 | Книги |